Kluby piłkarskie z jednego miasta - Statystyki

Ogólne statystyki
  • Ten quiz został rozwiązany 563 razy
    490 od ostatniego zresetowania
  • Średni wynik to 20 z 30
Statystyki odpowiedzi
Klub: Miasto: % Poprawnych
Lech Poznań
98%
Legia Warszawa
98%
Raków Częstochowa
98%
Wisła Kraków
98%
Arka Gdynia
96%
ŁKS Łódź
95%
Pogoń Szczecin
95%
Cracovia Kraków
93%
Polonia Warszawa
93%
Śląsk Wrocław
93%
Widzew Łódź
93%
Radomiak Radom
92%
Warta Poznań
91%
Stal Rzeszów
82%
Elana Toruń
73%
Resovia Rzeszów
70%
Olimpia Elbląg
67%
Hutnik Kraków
64%
Skra Częstochowa
63%
Garbarnia Kraków
61%
Wieczysta Kraków
60%
Bałtyk Gdynia
45%
Bałtyk Koszalin
45%
Gwardia Koszalin
42%
Ślęza Wrocław
35%
Broń Radom
33%
Świt Szczecin*
20%
Ursus Warszawa
20%
Concordia Elbląg
18%
Pomorzanin Toruń
8%
Nie znaleziono quizów pasujących do podanych kryteriów
Rozkład punktacji
Procent ludzi z każdym wynikiem
Percentyl według liczby udzielonych odpowiedzi
Twoja historia wyników
Nie rozwiązałeś tego quizu od ostatniego zresetowania